000 02235cam a22006014i 4500
003 PE-LiUPU
005 20250731170440.0
008 150625s2002 sp r 000 0 spa d
020 _a8479534907
020 _a9788479534905
035 _a(Sirsi) i9788479534905
040 _aPE-LiUPU
_bspa
_cPE-LiUPU
_dPE-LiUPU
_erda
049 _aPRUA
082 0 4 _a158
_bM53
_221
100 1 _aMiedaner, Talane,
_eautor.
245 1 0 _aCoaching para el éxito :
_bconviértete en el entrenador de tu vida personal y profesional /
_cTalane Miedaner.
264 1 _aBarcelona :
_bUrano,
_c2002.
300 _a333 páginas ;
_c22 centímetros
336 _atext
_2rdacontent
337 _aunmediated
_2rdamedia
338 _avolume
_2rdacarrier
505 0 _aAumenta tu poder innato -- Rectifica tu proceder -- Haz que el dinero trabaje para ti -- Saca tiempo de donde no lo hay -- Construye relaciones sólidas y enriquecedoras -- Haz un trabajo que ames -- En lugar de trabajar duro, hazlo con inteligencia -- Comunícate con fuerza, gracia y elegancia -- Cuida de tu posesión más valiosa -- Éxito sin esfuerzo.
526 _aSEG68
526 _aSEG70
526 _aSEG69
526 _aSEG67
526 _aSEG43
526 _aP144
526 _aP143
526 _aP131
526 _aP122
526 _aP120
526 _aP117
526 _aP112
526 _aP110
526 _aP106
526 _aP101
526 _aP80
526 _aP59
526 _aP54
526 _aP35
526 _aP33
526 _aP30
541 _g007-0000140115;
650 0 4 _aActualización personal (Psicología).
650 0 4 _aExito
_xAspectos psicológicos.
_95209
650 0 4 _aGerencia personal (Psicología).
942 _2ddc
_cBOOK
949 _a158 M53
_wDEWEY
_c1
_i56204
_d2015-11-16
_e2015-11-16
_lCCODEBUL1
_mBUL
_n1
_r0
_sY
_tBOOK
_u2015-6-25
_xFCE
_zUNKNOWN
_0COMPRA
_o.STAFF. Colección Ciencias de la Salud
994 _aC0
_bPEPRU
596 _a1
999 _a158 M53
_wDEWEY
_c45453
_i56204
_d45453
_e2015-11-16
_f2021-11-3
_g6
_lCCODEBUL1
_mBUL
_n1
_p20.00
_r0
_sY
_tBOOK
_u2015-6-25
_xSALUD
_zUNKNOWN
_0COMPRA
_o.STAFF. Colección Ciencias de la Salud
980 _81
_gALBERTO SANCHEZ Responsable de Automatización